Govt. of
Madhya Pradesh

Guru gita and gopal (Record no. 48954)

MARC details
000 -LEADER
fixed length control field 003700000a22001570004500
003 - CONTROL NUMBER IDENTIFIER
control field MACL
005 - DATE AND TIME OF LATEST TRANSACTION
control field 20180301134353.0
008 - FIXED-LENGTH DATA ELEMENTS--GENERAL INFORMATION
fixed length control field 180301b xxu||||| |||| 00| 0 eng d
040 ## - CATALOGING SOURCE
Transcribing agency macl
100 ## - MAIN ENTRY--PERSONAL NAME
Personal name Pushpa Bhagat
9 (RLIN) 70946
245 ## - TITLE STATEMENT
Title Guru gita and gopal
260 ## - PUBLICATION, DISTRIBUTION, ETC. (IMPRINT)
Place of publication, distribution, etc. singapore
Name of publisher, distributor, etc. chopmen
Date of publication, distribution, etc. 2011
350 ## - PRICE (NR) (BK AM CF MU VM SE) [OBSOLETE]
Price 700
650 ## - SUBJECT ADDED ENTRY--TOPICAL TERM
Topical term or geographic name as entry element philo.
9 (RLIN) 413
942 ## - ADDED ENTRY ELEMENTS (KOHA)
Koha item type Books
Call number prefix 403
Source of classification or shelving scheme
Holdings
Withdrawn status Lost status Source of classification or shelving scheme Damaged status Not for loan Home library Current library Date acquired Total Checkouts Full call number Barcode Date last seen Uniform Resource Identifier Price effective from Koha item type
          MACL MACL 15/04/2015   100BOOK CRE003584 02/05/2024 49736 15/04/2015 Books